[Event "WY Girls-U14"]
[Site "Porto Carras GRE"]
[Date "2010.10.23"]
[Round "4.7"]
[White "Bivol, Alina"]
[Black "Schmalhorst, Sophia"]
[Result "1/2-1/2"]
[WhiteElo "2076"]
[BlackElo "1850"]
[WhiteFideId "4100123"]
[BlackFideId "24682497"]
[EventDate "2010.10.20"]

1. e4 e5 2. Nf3 Nc6 3. d4 exd4 4. Nxd4 Nf6 5. Nxc6 bxc6 6. e5 Qe7 7. Qe2 Nd5 8.
c4 Nb6 9. b3 Qe6 10. g3 Bb4+ 11. Bd2 Bxd2+ 12. Nxd2 O-O 13. f4 Re8 14. O-O-O a5
15. a4 d5 16. Qf2 Ba6 17. c5 Nd7 18. Kb2 f6 19. Bxa6 Rxa6 20. exf6 Qxf6+ 21. Ka2
Raa8 22. Nf3 Qc3 23. Rc1 Qb4 24. Rhe1 Rxe1 25. Qxe1 Qxe1 26. Rxe1 Nxc5 27. Nd4
Nd3 28. Re7 Nb4+ 29. Kb2 Rc8 30. f5 Rf8 31. Rxc7 Rf7 32. Rc8+ Rf8 33. Nxc6 Rxc8
34. Ne7+ Kf7 35. Nxc8 Kf6 36. Kc3 Nc6 37. Nb6 Ke5 38. g4 Ke4 39. g5 d4+ 40. Kd2
Kxf5 41. Kd3 Kxg5 42. Ke4 Kf6 43. Nd7+ Ke6 44. Nc5+ Kd6 45. Nb7+ Kc7 46. Nc5 Kd6
47. Nb7+ Kc7 48. Nc5 Kd6 49. Nb7+ 1/2-1/2

[Event "WY Girls-U14"]
[Site "Porto Carras GRE"]
[Date "2010.10.23"]
[Round "4.8"]
[White "Moradi, Kimia"]
[Black "Rodriguez Rueda, Paula Andrea"]
[Result "1-0"]
[BlackTitle "WFM"]
[WhiteElo "1827"]
[BlackElo "2099"]
[WhiteFideId "12500100"]
[BlackFideId "4404564"]
[EventDate "2010.10.20"]

1. e4 c5 2. c3 Nf6 3. e5 Nd5 4. d4 cxd4 5. Nf3 Nc6 6. cxd4 d6 7. Bc4 Nb6 8. Bb5
dxe5 9. Nxe5 Bd7 10. Nxd7 Qxd7 11. Nc3 e6 12. O-O Be7 13. Qg4 O-O 14. Bxc6 bxc6
15. Bh6 Bf6 16. Rfd1 Kh8 17. Bf4 Rfd8 18. Be5 Bxe5 19. dxe5 Qc7 20. Qe2 Nd7 21.
f4 Qb6+ 22. Kf1 Qb4 23. g3 Nc5 24. Rac1 a5 25. Rc2 a4 26. a3 Qb6 27. Rcd2 Rxd2
28. Rxd2 Nb3 29. Rd7 Nd4 30. Qe4 Nf5 31. Nxa4 Qa5 32. Qxc6 h6 33. Nc3 Rb8 34.
Nd1 Rb6 35. Qc8+ Kh7 36. Qc3 Qb5+ 37. Qd3 Qc6 38. Kg1 Qc5+ 39. Kf1 Qc6 40. Kg1
Qc5+ 41. Kg2 Qc6+ 42. Kh3 h5 43. Rxf7 Kg6 44. Rd7 Qa4 45. Rd6 1-0

[Event "WY Girls-U14"]
[Site "Porto Carras GRE"]
[Date "2010.10.23"]
[Round "4.9"]
[White "Patel, Yesim"]
[Black "Nicolas Zapata, Irene"]
[Result "1-0"]
[WhiteElo "1820"]
[BlackElo "2027"]
[WhiteFideId "6300200"]
[BlackFideId "22247270"]
[EventDate "2010.10.20"]

1. e4 c5 2. Nf3 d6 3. d4 cxd4 4. Nxd4 Nf6 5. Nc3 g6 6. Be3 Bg7 7. Bc4 O-O 8. f3
Nc6 9. Qd2 Bd7 10. O-O-O Qa5 11. g4 Ne5 12. Bb3 Rfc8 13. h4 Rc4 14. Bxc4 Nxc4
15. Qd3 Qb4 16. Nb3 Rc8 17. Bd4 e5 18. Bf2 Bb5 19. Nxb5 Qxb5 20. Be1 Nd7 21. Bc3
Qa4 22. Kb1 b5 23. h5 Rc6 24. hxg6 hxg6 25. Rh2 Ra6 26. a3 Rc6 27. Qd5 b4 28.
Bxb4 Ne3 29. Qd3 Nxd1 30. Qxd1 Qa6 31. Rd2 Bf8 32. Nc1 Nb6 33. b3 Qb7 34. Ka2
Qc8 35. Ne2 Na8 36. c4 Qc7 37. Bc3 a5 38. Bb2 a4 39. Nc3 axb3+ 40. Qxb3 Rxc4 41.
Nd5 Qc5 42. f4 Nc7 43. Nf6+ Kg7 44. fxe5 dxe5 45. g5 Ne6 46. Nd7 Qc8 47. Bxe5+
Kg8 48. Nf6+ Kg7 49. Nd5+ Kg8 50. Rh2 1-0

[Event "WY Girls-U14"]
[Site "Porto Carras GRE"]
[Date "2010.10.23"]
[Round "4.10"]
[White "Styazhkina, Anna"]
[Black "Srija, Seshadri"]
[Result "1-0"]
[WhiteTitle "WFM"]
[BlackTitle "WFM"]
[WhiteElo "1974"]
[BlackElo "1832"]
[WhiteFideId "24119300"]
[BlackFideId "5055903"]
[EventDate "2010.10.20"]

1. d4 d5 2. c4 e6 3. Nc3 Nf6 4. cxd5 exd5 5. Bg5 Be7 6. e3 O-O 7. Qc2 h6 8. Bf4
c5 9. dxc5 Bxc5 10. Nf3 Nc6 11. a3 Be6 12. Be2 Rc8 13. O-O Nh5 14. Bg3 Nxg3 15.
hxg3 Bb6 16. Rfd1 Qf6 17. Qd2 Rfd8 18. Na4 Bc7 19. Nc5 Bb6 20. Na4 Bc7 21. Nc5
Rb8 22. Rac1 Bd6 23. b4 Ne5 24. Nd4 a6 25. Rc3 Bxc5 26. Rxc5 Rd6 27. Qc2 b5 28.
Bf3 Nc4 29. Qc1 Rbd8 30. Be2 g6 31. Qc3 Bd7 32. a4 Nb6 33. axb5 Na4 34. Qb3 axb5
35. Rc7 Rb6 36. Bxb5 Bxb5 37. Nxb5 Rxb5 38. Qxa4 Qb6 39. Qc2 Rxb4 40. Rc6 Qb7
41. Rc7 Qb6 42. Rc8 Rb5 43. Rxd8+ Qxd8 44. Qc6 Qa5 45. Qe8+ Kg7 46. Qe5+ Kg8 47.
Qe8+ Kg7 48. Rc1 Rc5 49. Rb1 d4 50. exd4 Rd5 51. Qe4 Qa2 52. g4 h5 53. gxh5 Rxh5
54. Rd1 Rf5 55. Qe3 Qc2 56. Rc1 Qb2 57. Rc5 Qb1+ 58. Kh2 Qb8+ 59. g3 Rf6 60. d5
Rf5 61. Qd4+ Kh7 62. d6 Qa7 63. Qh4+ Kg7 64. Rxf5 gxf5 65. Qg5+ Kf8 66. Qxf5 Qd4
67. d7 Ke7 68. Kg2 Qxd7 69. Qxd7+ Kxd7 70. Kf3 Ke6 71. Ke4 Kf6 72. Kf4 Ke6 73.
Kg5 Ke5 74. f3 Ke6 75. f4 Ke7 76. Kf5 Ke8 77. Kf6 Kf8 78. f5 Kg8 79. Ke7 Kg7 80.
f6+ Kg6 81. g4 1-0

[Event "WY Girls-U14"]
[Site "Porto Carras GRE"]
[Date "2010.10.23"]
[Round "4.11"]
[White "Papathanasiou, Elisavet"]
[Black "Fataliyeva, Ulviyya Hasil qizi"]
[Result "0-1"]
[BlackTitle "WCM"]
[WhiteElo "1792"]
[BlackElo "1959"]
[WhiteFideId "4222687"]
[BlackFideId "13403052"]
[EventDate "2010.10.20"]

1. d4 e6 2. e4 d5 3. Nc3 dxe4 4. Nxe4 Be7 5. Nf3 Nd7 6. Bd3 Ngf6 7. Nxf6+ Bxf6
8. h4 c5 9. Bg5 cxd4 10. Qd2 h6 11. Bxf6 Qxf6 12. O-O-O e5 13. Rhe1 O-O 14. Kb1
Re8 15. Nxd4 Nc5 16. Nb5 Nxd3 17. Qxd3 Bf5 18. Qe2 Rac8 19. Rd2 Re6 20. g4 Bh7
21. Ka1 a6 22. Nc3 Qxh4 23. Red1 Bg6 24. Ne4 Qh2 25. Qf3 Qf4 26. Qxf4 exf4 27.
Nc3 Rce8 28. b3 Re1 29. Rxe1 Rxe1+ 30. Kb2 Rg1 31. Nd5 Rxg4 32. Rd4 h5 33. Nxf4
Kh7 34. c4 Rg1 35. Kc3 Ra1 36. Kb2 Rf1 37. Nh3 Bf5 38. Rh4 Kh6 39. Kc3 g5 0-1

[Event "WY Girls-U14"]
[Site "Porto Carras GRE"]
[Date "2010.10.23"]
[Round "4.12"]
[White "Zarkovic, Mila"]
[Black "Nur, Nabila Azman Hisham"]
[Result "1-0"]
[BlackTitle "WCM"]
[WhiteElo "1953"]
[BlackElo "1829"]
[WhiteFideId "900451"]
[BlackFideId "5702135"]
[EventDate "2010.10.20"]

1. e4 c5 2. Nf3 g6 3. d4 Bg7 4. dxc5 Qa5+ 5. c3 Qxc5 6. Be3 Qc7 7. Nbd2 Nc6 8.
Be2 Nf6 9. h3 O-O 10. Nd4 d5 11. Nxc6 bxc6 12. exd5 Nxd5 13. Bc5 Nf4 14. O-O Qe5
15. Be3 Nxe2+ 16. Qxe2 Rd8 17. Nf3 Qa5 18. Rfd1 Ba6 19. Qc2 Bb7 20. Qe4 e6 21.
Ng5 h6 22. Nf3 Qf5 23. Qxf5 exf5 24. Rxd8+ Rxd8 25. Bxa7 Ba6 26. Bd4 f6 27. Re1
Kf7 28. Bc5 Re8 29. Rxe8 Kxe8 30. Nd4 Kd7 31. f4 Bd3 32. Kf2 g5 33. g3 h5 34. h4
Bh6 35. Ke3 Be4 36. a4 Kc8 37. Be7 gxh4 38. gxh4 Bg7 39. Ne2 Bc2 40. a5 Kb7 41.
Ng3 Bd1 42. Nxf5 Bh8 43. Bf8 Bg4 44. Bg7 Bxg7 45. Nxg7 Ka6 46. b4 Kb5 47. Kd4
Bf3 48. Ne8 c5+ 49. bxc5 Kxa5 50. Nxf6 1-0

[Event "WY Girls-U14"]
[Site "Porto Carras GRE"]
[Date "2010.10.24"]
[Round "5.1"]
[White "Lei, Tingjie"]
[Black "Nandhidhaa, PV"]
[Result "1-0"]
[WhiteElo "1990"]
[BlackElo "2060"]
[WhiteFideId "8605114"]
[BlackFideId "5050847"]
[EventDate "2010.10.20"]

1. e4 c5 2. Nf3 e6 3. c3 d6 4. Bb5+ Bd7 5. Bxd7+ Nxd7 6. O-O Ngf6 7. Qe2 Be7 8.
d3 O-O 9. c4 Qc7 10. Nc3 a6 11. h3 Rfe8 12. Bf4 Bf8 13. Rad1 Rab8 14. a4 Rbc8
15. b3 Nb8 16. e5 Nfd7 17. exd6 Bxd6 18. Bxd6 Qxd6 19. Ne4 Qb6 20. d4 Red8 21.
d5 exd5 22. Rxd5 Nf6 23. Nxf6+ Qxf6 24. Rfd1 h6 25. Rxd8+ Rxd8 26. Rd5 Nc6 27.
Rxc5 Qa1+ 28. Kh2 Nd4 29. Nxd4 Qxd4 30. Re5 Qd6 31. g3 Qc6 32. Qe4 Qb6 33. Re8+
Rxe8 34. Qxe8+ Kh7 35. Qe3 Qb4 36. Kg2 g6 37. Qd3 Kg7 38. Qd4+ Kg8 39. Qd3 Kg7
40. Kf3 Qe1 41. Kg2 Qb4 42. Kf1 h5 43. h4 Kf8 44. Ke2 Kg7 45. Kd1 Kg8 46. Kc2
Qe1 47. Qd2 Qe4+ 48. Kb2 Qe5+ 49. Ka2 Qe4 50. a5 Kh7 51. Kb2 Qe5+ 52. Kc2 Qc5
53. f4 Qa3 54. Qc3 Qa2+ 55. Kd3 Qg2 56. Qe1 Qf3+ 57. Kc2 Qg2+ 58. Kc3 Qf3+ 59.
Kb4 Qd3 60. Qc3 Qd6+ 61. Ka4 Qd1 62. Ka3 Qb1 63. Kb4 Qd1 64. Kc5 Qg1+ 65. Kd6
Qg2 66. Ke7 Kg8 67. Qd3 Qh3 68. Qd5 Qg4 69. Qxf7+ Kh8 70. Qe6 Qxg3 71. Kf7 Qxf4+
72. Qf6+ Qxf6+ 73. Kxf6 Kh7 74. Kg5 Kg7 75. b4 Kf7 76. b5 Ke6 77. Kxg6 Kd6 78.
Kxh5 Kc5 79. bxa6 bxa6 80. Kg6 1-0

[Event "WY Girls-U14"]
[Site "Porto Carras GRE"]
[Date "2010.10.24"]
[Round "5.2"]
[White "Saduakassova, Dinara"]
[Black "Beinenson, Katsiaryna"]
[Result "1-0"]
[WhiteTitle "WFM"]
[WhiteElo "2142"]
[BlackElo "1921"]
[WhiteFideId "13700090"]
[BlackFideId "13507044"]
[EventDate "2010.10.20"]

1. d4 d5 2. Nf3 Nf6 3. c4 c6 4. e3 a6 5. Bd2 b5 6. cxd5 cxd5 7. a4 bxa4 8. Nc3
e6 9. Nxa4 Ne4 10. Bd3 Nc6 11. O-O Bd6 12. Bxe4 dxe4 13. Qc2 Bb7 14. Qxe4 Qe7
15. Qd3 f5 16. Rfc1 Nd8 17. Qe2 g5 18. Nc5 Bxc5 19. Rxc5 Bd5 20. Ne5 Qb7 21.
Qh5+ Nf7 22. Rac1 Ra7 23. Nxf7 Qxf7 24. Rc8+ 1-0

[Event "WY Girls-U14"]
[Site "Porto Carras GRE"]
[Date "2010.10.24"]
[Round "5.3"]
[White "Hakimifard, Raana"]
[Black "Lasya, G"]
[Result "1-0"]
[WhiteElo "1930"]
[BlackElo "1883"]
[WhiteFideId "12510572"]
[BlackFideId "5068800"]
[EventDate "2010.10.20"]

1. e4 c5 2. Nf3 d6 3. d4 Nf6 4. Nc3 cxd4 5. Nxd4 Nc6 6. g3 g6 7. Bg2 Bd7 8. Nde2
Bg7 9. O-O O-O 10. h3 Ne5 11. Kh2 Rc8 12. f4 Nc4 13. b3 Na5 14. Bb2 Bc6 15. Qd3
b5 16. Nd4 a6 17. Rad1 Nd7 18. Ba1 Ba8 19. Rfe1 b4 20. Nd5 e5 21. Ne2 Bxd5 22.
Qxd5 exf4 23. Bxg7 fxg3+ 24. Nxg3 Kxg7 25. Qxd6 Nc5 26. Qf4 Qf6 27. Qg4 Kg8 28.
e5 Qe6 29. Qxb4 Nab7 30. Bxb7 Nxb7 31. Qxb7 Rxc2+ 32. Re2 Rxe2+ 33. Nxe2 Qxe5+
34. Ng3 Qe3 35. Qe4 Qf2+ 36. Qg2 Qf4 37. Rf1 Qd6 38. Kh1 Qe5 39. Rd1 Rc8 40. Rd5
Qf4 41. Rd2 h5 42. Qf2 Qc7 43. Ne4 Qc6 44. Qf3 f5 45. Ng5 Qc1+ 46. Qd1 Qc6+ 47.
Kh2 Qc7+ 48. Kg2 Qe7 49. h4 Qb7+ 50. Qf3 Rc6 51. Qd5+ Kg7 52. Ne6+ Kf6 53. Nd8 1-0

[Event "WY Girls-U14"]
[Site "Porto Carras GRE"]
[Date "2010.10.24"]
[Round "5.4"]
[White "Khademalsharieh, Sarasadat"]
[Black "Milutinovic, Stefana"]
[Result "1-0"]
[WhiteTitle "WFM"]
[WhiteElo "2075"]
[BlackElo "1859"]
[WhiteFideId "12512214"]
[BlackFideId "942456"]
[EventDate "2010.10.20"]

1. d4 Nf6 2. Nf3 g6 3. c4 Bg7 4. g3 O-O 5. Bg2 d5 6. cxd5 Nxd5 7. O-O c5 8. dxc5
Na6 9. c6 bxc6 10. Nd4 Bb7 11. Nc3 Nxc3 12. bxc3 Qc7 13. Rb1 e5 14. Rxb7 Qxb7
15. Nxc6 Rac8 16. Qd6 e4 17. Ne7+ Kh8 18. Nxc8 Rxc8 19. Bxe4 Qxe4 20. Qxa6 Qc4
21. Qxa7 Bxc3 22. Be3 Bb2 23. Rb1 Bg7 24. Rc1 Qe6 25. Rxc8+ Qxc8 26. Qxf7 1-0

[Event "WY Girls-U14"]
[Site "Porto Carras GRE"]
[Date "2010.10.24"]
[Round "5.5"]
[White "Schmalhorst, Sophia"]
[Black "Tantsiura, Marja"]
[Result "0-1"]
[WhiteElo "1850"]
[BlackElo "2030"]
[WhiteFideId "24682497"]
[BlackFideId "14124327"]
[EventDate "2010.10.20"]

1. e4 g6 2. d4 Bg7 3. Nc3 a6 4. Be3 b5 5. Bd3 Bb7 6. Nf3 d6 7. Qd2 Nd7 8. O-O
Ngf6 9. Bh6 O-O 10. Bxg7 Kxg7 11. Rfe1 e5 12. d5 c5 13. dxc6 Bxc6 14. Rad1 Qb8
15. b4 Rc8 16. Qe2 Nf8 17. a3 Ne6 18. Nb1 Nf4 19. Qe3 Qb7 20. h3 Re8 21. Nbd2
Bd7 22. Bf1 Bc6 23. Bd3 a5 24. Nb3 axb4 25. axb4 Bd7 26. Bf1 Qc7 27. Rc1 Ra4 28.
c3 Qb7 29. Na5 Qb8 30. Ra1 Rxa1 31. Rxa1 d5 32. exd5 N4xd5 33. Qd2 e4 34. Nd4 e3
35. fxe3 Nxe3 36. Re1 Qg3 37. Nf3 Nxf1 38. Kxf1 Bxh3 39. Kg1 Bxg2 40. Qxg2 Rxe1+
41. Nxe1 Qxe1+ 42. Kh2 Qxc3 43. Nc6 h5 0-1

[Event "WY Girls-U14"]
[Site "Porto Carras GRE"]
[Date "2010.10.24"]
[Round "5.6"]
[White "Styazhkina, Anna"]
[Black "Kalaydina, Regina Veronicka"]
[Result "1-0"]
[WhiteTitle "WFM"]
[WhiteElo "1974"]
[BlackElo "1839"]
[WhiteFideId "24119300"]
[BlackFideId "2600129"]
[EventDate "2010.10.20"]

1. e4 c5 2. Nf3 e6 3. c4 Nc6 4. Nc3 Nf6 5. Be2 d6 6. d4 cxd4 7. Nxd4 Be7 8. O-O
O-O 9. Be3 Nxd4 10. Bxd4 Bd7 11. f4 Bc6 12. Bf3 Qa5 13. Qe2 Nd7 14. Rad1 e5 15.
Be3 Rac8 16. Bg4 Rcd8 17. Bxd7 Rxd7 18. Nd5 exf4 19. Bxf4 Qd8 20. Qg4 Bxd5 21.
Rxd5 Rc7 22. Bh6 g6 23. Bxf8 Qxf8 24. b3 Qg7 25. Qf4 b6 26. Rd2 Bf8 27. Qg5 Be7
28. Qd5 Bf8 29. Rdf2 Re7 30. Rf6 Rc7 31. Kh1 Re7 32. h3 Rc7 33. Qa8 Rd7 34. Qc8
Re7 35. Rxd6 Rxe4 36. Rd7 a5 37. Qb7 1-0

[Event "WY Girls-U14"]
[Site "Porto Carras GRE"]
[Date "2010.10.24"]
[Round "5.7"]
[White "Fataliyeva, Ulviyya Hasil qizi"]
[Black "Moradi, Kimia"]
[Result "1-0"]
[WhiteTitle "WCM"]
[WhiteElo "1959"]
[BlackElo "1827"]
[WhiteFideId "13403052"]
[BlackFideId "12500100"]
[EventDate "2010.10.20"]

1. e4 c6 2. d4 d5 3. exd5 cxd5 4. Bd3 Nc6 5. c3 Nf6 6. Bf4 g6 7. Qc2 Bg7 8. Nf3
O-O 9. h3 Nh5 10. Bh2 Bh6 11. O-O Nf4 12. Bxf4 Bxf4 13. Nbd2 Rb8 14. a4 Be6 15.
Rfe1 Qd6 16. Nb3 b6 17. Qe2 Nd8 18. Ne5 Rb7 19. Nd2 f6 20. Nef3 Bf7 21. g3 Bh6
22. Nb1 Bg7 23. Na3 Nc6 24. Ba6 Rbb8 25. Bb5 Rfe8 26. Nc2 a5 27. Rad1 e6 28. h4
Re7 29. Qd2 e5 30. dxe5 fxe5 31. Ng5 Rd8 32. Ne3 Red7 33. Qe2 Qc7 34. b4 Qd6 35.
Nxf7 Rxf7 36. Rxd5 Qc7 37. Bxc6 1-0

[Event "WY Girls-U14"]
[Site "Porto Carras GRE"]
[Date "2010.10.24"]
[Round "5.8"]
[White "Vanagaite, Giedre"]
[Black "Zarkovic, Mila"]
[Result "0-1"]
[WhiteElo "1833"]
[BlackElo "1953"]
[WhiteFideId "12800546"]
[BlackFideId "900451"]
[EventDate "2010.10.20"]

1. d4 Nf6 2. c4 e6 3. Nf3 b6 4. a3 Bb7 5. Nc3 d6 6. Qc2 Nbd7 7. e4 e5 8. Be2 Be7
9. O-O O-O 10. Rd1 Qc8 11. h3 c6 12. Be3 Qc7 13. dxe5 dxe5 14. Nh4 Bc5 15. Bg5
h6 16. Bd2 Rfd8 17. b4 Bd4 18. Nf5 Nf8 19. Rac1 Ne6 20. Bd3 Rd7 21. Ne2 Rad8 22.
Nexd4 Nxd4 23. Nxd4 Rxd4 24. Bc3 R4d7 25. f4 exf4 26. Bxf6 gxf6 27. Qe2 Qe5 28.
Bc2 Rxd1+ 29. Rxd1 Rxd1+ 30. Qxd1 c5 31. Qd3 Kg7 32. Kf2 Qg5 33. Qd7 Qg3+ 34.
Kf1 f3 35. Qg4+ Qxg4 36. hxg4 fxg2+ 37. Kxg2 Kg6 38. bxc5 bxc5 39. Kf3 Kg5 40.
Kg3 Bc8 41. Bd1 Be6 42. Be2 Bc8 43. Bd1 Bd7 44. Bf3 Ba4 45. Be2 Bb3 46. Kf3 Bc2
47. Ke3 Ba4 48. Kf3 Bd7 49. Kg3 Be6 50. Kh3 h5 51. Kg3 Bxg4 52. Bd3 h4+ 53. Kg2
Kf4 54. Kf2 Bf3 0-1

[Event "WY Girls-U14"]
[Site "Porto Carras GRE"]
[Date "2010.10.24"]
[Round "5.9"]
[White "Patel, Yesim"]
[Black "Pachon, Adriana"]
[Result "1-0"]
[BlackTitle "WFM"]
[WhiteElo "1820"]
[BlackElo "1923"]
[WhiteFideId "6300200"]
[BlackFideId "4400690"]
[EventDate "2010.10.20"]

1. e4 e5 2. Nf3 Nc6 3. Bb5 Nge7 4. Nc3 g6 5. d4 exd4 6. Nd5 Bg7 7. Bg5 h6 8. Bf6
Bxf6 9. Nxf6+ Kf8 10. O-O Nf5 11. Nd5 Ng7 12. Qd2 d6 13. c3 Ne5 14. Be2 c6 15.
Nf4 Nxf3+ 16. Bxf3 g5 17. Nd3 Qf6 18. cxd4 Qxd4 19. Rad1 Be6 20. Qa5 Qb6 21. Qa3
Rd8 22. e5 Ne8 23. exd6 Nxd6 24. Nc5 Ke7 25. Ne4 Qc7 26. Rd2 f5 27. Nxd6 Rxd6
28. Re1 Rd8 29. Rde2 Kd7 30. Bh5 Rf8 31. Rxe6 Rxe6 32. Rxe6 Kxe6 33. Qxf8 Qf4
34. Qe8+ Kd5 35. Bf7+ Kd4 36. Qh8+ Kc5 37. Qc3+ Kd6 38. Qg3 Qxg3 39. fxg3 b5 40.
Kf1 c5 41. Be8 a6 42. a4 bxa4 43. Bxa4 Kd5 44. Bb3+ Ke4 45. Ke2 1-0

[Event "WY Girls-U14"]
[Site "Porto Carras GRE"]
[Date "2010.10.24"]
[Round "5.10"]
[White "Kahramanova, Mohinur"]
[Black "Shamatava, Ana"]
[Result "1/2-1/2"]
[WhiteElo "1811"]
[BlackElo "1922"]
[WhiteFideId "14201771"]
[BlackFideId "13601008"]
[EventDate "2010.10.20"]

1. d4 Nf6 2. c4 e6 3. Nc3 Bb4 4. Nf3 O-O 5. Bg5 d5 6. e3 b6 7. cxd5 exd5 8. Bd3
h6 9. Bh4 Bb7 10. O-O Bxc3 11. bxc3 Qd6 12. Bg3 Qe7 13. Ne5 Nbd7 14. Nxd7 Qxd7
15. Qc2 Ne4 16. Bxe4 dxe4 17. c4 Rfe8 18. a4 a5 19. Rfc1 Ba6 20. Qd2 Rec8 21. c5
Bd3 22. h3 Qe6 23. Ra2 Qb3 24. Rc3 Qb4 25. Qb2 bxc5 26. Rxc5 Ra7 27. Qxb4 axb4
28. Rb2 Rxa4 29. Bxc7 Ra1+ 30. Kh2 Rb1 31. Rxb1 Bxb1 32. d5 Ba2 33. d6 Be6 34.
Rb5 b3 35. Kg3 g5 36. f4 exf3 37. gxf3 Kf8 38. d7 Bxd7 39. Bd6+ Kg7 40. Rxb3 Rc1
41. h4 Rg1+ 42. Kf2 Rd1 43. Be5+ f6 44. Bg3 Bc6 45. hxg5 hxg5 46. e4 g4 47. Rb6
Rc1 48. fxg4 Bxe4 49. Bh4 Rc6 50. Rb4 Bd5 51. Rd4 Bb3 1/2-1/2

[Event "WY Girls-U14"]
[Site "Porto Carras GRE"]
[Date "2010.10.24"]
[Round "5.11"]
[White "Ruiz Font, Elisabet"]
[Black "Gaboyan, Susanna"]
[Result "1/2-1/2"]
[WhiteElo "1902"]
[BlackElo "1806"]
[WhiteFideId "2200490"]
[BlackFideId "13303627"]
[EventDate "2010.10.20"]

1. e4 c5 2. Nf3 Nc6 3. d4 cxd4 4. Nxd4 Nf6 5. Nc3 e5 6. Ndb5 d6 7. Bg5 a6 8. Na3
b5 9. Nd5 Be7 10. Bxf6 Bxf6 11. c4 b4 12. Nc2 Rb8 13. b3 Bg5 14. Be2 O-O 15. Bg4
Be6 16. O-O Qd7 17. h3 g6 18. Nce3 f5 19. Bf3 Nd4 20. Nc2 Nxc2 21. Qxc2 f4 22.
Kh2 Bd8 23. Rad1 h5 24. Qe2 Qf7 25. Rd2 Kg7 26. c5 dxc5 27. Qxa6 Bf6 28. Nxf6
Kxf6 29. Rfd1 Qb7 30. Qd6 Qb6 31. Be2 Qxd6 32. Rxd6 Ke7 33. Rc6 Rfc8 34. Ra6 Ra8
35. Rdd6 Rxa6 36. Rxa6 c4 37. bxc4 Bxc4 38. Bxc4 Rxc4 39. f3 Rc2 40. Kg1 g5 41.
Ra4 Rb2 42. a3 b3 43. Rb4 g4 44. hxg4 hxg4 45. fxg4 Kf6 46. Rb5 Kg5 47. Rxe5+
Kh4 48. Rh5+ Kg3 49. Rh3+ Kxg4 50. Rc3 Kg5 51. a4 Kf6 52. a5 Ke5 53. a6 Kxe4 54.
a7 Ra2 55. Rxb3 Rxa7 1/2-1/2

[Event "WY Girls-U14"]
[Site "Porto Carras GRE"]
[Date "2010.10.24"]
[Round "5.12"]
[White "Felix Vega, Aurora Edith"]
[Black "Garcia-Castany Musellas, Gal.la"]
[Result "0-1"]
[WhiteTitle "WFM"]
[WhiteElo "1894"]
[BlackElo "1768"]
[WhiteFideId "3804976"]
[BlackFideId "2241803"]
[EventDate "2010.10.20"]

1. e4 e5 2. Nf3 Nc6 3. Bb5 a6 4. Ba4 Nf6 5. O-O b5 6. Bb3 Be7 7. Re1 d6 8. c3
O-O 9. h3 Na5 10. Bc2 c5 11. d4 Qc7 12. Nbd2 Bd7 13. Nf1 cxd4 14. cxd4 Nc6 15.
Ne3 Rac8 16. Bb1 a5 17. Nd5 Qd8 18. Qd3 g6 19. dxe5 Nxe5 20. Nxe5 dxe5 21. Nxe7+
Qxe7 22. Bg5 Bc6 23. a3 Rfd8 24. Qe3 Rd4 25. Qf3 Kg7 26. Ba2 h6 27. Bxf6+ Qxf6
28. Qc3 Bb7 29. Qg3 Rc2 30. Re3 Rxe4 31. Rxe4 Bxe4 32. Re1 Bc6 33. Rxe5 Rxb2 34.
Bd5 Bxd5 35. Rxd5 Rb1+ 36. Kh2 Rb2 37. f4 Qc6 38. Qd3 Kh7 39. f5 Qc7+ 40. Rd6 g5
41. Qd4 Qc2 42. Qd5 Qc4 43. Qxc4 bxc4 44. Rd5 Rb8 45. Rc5 Rb3 46. a4 Rb7 47.
Rxa5 Rc7 48. Rd5 Kg7 49. a5 c3 50. Rd1 Kf6 51. g4 Ke5 52. a6 Ke4 53. Ra1 c2 54.
Ra4+ Kd3 55. Ra3+ Kd2 56. a7 Rxa7 57. Rxa7 c1=Q 58. Rxf7 Ke2 0-1

[Event "WY Girls-U14"]
[Site "Porto Carras GRE"]
[Date "2010.10.24"]
[Round "6.1"]
[White "Hakimifard, Raana"]
[Black "Lei, Tingjie"]
[Result "0-1"]
[WhiteElo "1930"]
[BlackElo "1990"]
[WhiteFideId "12510572"]
[BlackFideId "8605114"]
[EventDate "2010.10.20"]

1. e4 c5 2. Nf3 d6 3. d4 cxd4 4. Nxd4 Nf6 5. Nc3 g6 6. g3 Bg7 7. Bg2 O-O 8. O-O
Nc6 9. Nde2 Be6 10. h3 Rc8 11. b3 a6 12. Bb2 Qa5 13. f4 Rfd8 14. g4 d5 15. e5 d4
16. Na4 Nd5 17. Bxd5 Bxd5 18. c4 dxc3 19. Bxc3 Qc7 20. Qe1 b5 21. Nb2 b4 22. Bd2
Nxe5 23. fxe5 Qxe5 24. Rb1 Qe4 25. Nf4 Qh1+ 26. Kf2 Qh2+ 27. Ke3 Bb7 28. Ne2
Bh6+ 29. Nf4 e5 0-1

[Event "WY Girls-U14"]
[Site "Porto Carras GRE"]
[Date "2010.10.24"]
[Round "6.2"]
[White "Nandhidhaa, PV"]
[Black "Saduakassova, Dinara"]
[Result "1/2-1/2"]
[BlackTitle "WFM"]
[WhiteElo "2060"]
[BlackElo "2142"]
[WhiteFideId "5050847"]
[BlackFideId "13700090"]
[EventDate "2010.10.20"]

1. e4 c5 2. Nf3 d6 3. d4 Nf6 4. Nc3 cxd4 5. Nxd4 Nc6 6. f3 e5 7. Nb3 Be7 8. Be3
Be6 9. Qd2 d5 10. exd5 Nxd5 11. Nxd5 Qxd5 12. Qxd5 Bxd5 13. O-O-O O-O-O 14. Bb5
Kc7 15. Kb1 b6 16. Rhe1 Kb7 17. Bf2 f6 18. Nc1 Bf7 19. Nd3 Bd6 20. Ba4 Bc7 21.
Bg3 Bc4 22. Nf2 Rxd1+ 23. Nxd1 Rd8 24. Ne3 Be6 25. Kc1 a6 26. Bb3 Bxb3 27. axb3
Nd4 28. b4 b5 29. c3 Ne6 30. Kc2 Bb6 31. Nf1 Nc7 1/2-1/2

[Event "WY Girls-U14"]
[Site "Porto Carras GRE"]
[Date "2010.10.24"]
[Round "6.3"]
[White "Zarkovic, Mila"]
[Black "Khademalsharieh, Sarasadat"]
[Result "1/2-1/2"]
[BlackTitle "WFM"]
[WhiteElo "1953"]
[BlackElo "2075"]
[WhiteFideId "900451"]
[BlackFideId "12512214"]
[EventDate "2010.10.20"]

1. e4 e5 2. Nf3 Nc6 3. Bb5 a6 4. Bxc6 dxc6 5. d4 exd4 6. Qxd4 Qxd4 7. Nxd4 Bd7
8. Be3 O-O-O 9. Nc3 Bb4 10. f3 Ne7 11. Kf2 Ng6 12. Rad1 Ne5 13. g4 h5 14. g5
Rhf8 15. Nce2 Bc5 16. Nf5 Bxe3+ 17. Nxe3 f6 18. gxf6 Rxf6 19. f4 Ng6 20. f5 Re8
21. Rhg1 Nf8 22. Rxg7 Rxe4 23. Ng3 Rf4+ 24. Ke2 Be8 25. Re7 Bf7 26. Ne4 R6xf5
27. Nxf5 Rxf5 28. Ng3 Rf6 29. Ne4 Rf5 30. Ke3 Ng6 31. Red7 Bd5 32. Rg7 Ne5 33.
Nc5 Ng4+ 34. Kd4 Rf4+ 35. Kc3 Rc4+ 36. Kd2 Rxc5 37. Re1 Nf6 38. Ree7 Kd8 39.
Rxc7 Be6 40. Rxb7 Rb5 41. Ra7 Bc8 42. Rg6 Rf5 43. Rh6 Rd5+ 1/2-1/2